000 00452nam a2200145Ia 4500
008 090124s9999 xx 000 0 und d
082 _b44881
245 _a सहकार विशेषांक स्वप्ना
250 _a0
260 _c2003
300 _a280
630 _a सहकार विशेषांक स्वप्ना
730 _a सहकार विशेषांक स्वप्ना
942 _cBOOK
999 _c111104
_d111104